The American atom: A documentary history of nuclear policies from the discovery of fission to the President 1939-1984

The book presents the first comprehensive collection of primary documents which tell the story of atomic energy in the United States from discovery of fission through the development of nuclear weapons, international proliferation, and attempts at control. This book also examines carefully the Mahat...

Description complète

Enregistré dans:
Détails bibliographiques
Format: Livre
Langue:Undetermined
Publié: Pennsylvania, Philadelphia Univ. of Pennsylvania 1984
Sujets:
Tags: Ajouter un tag
Pas de tags, Soyez le premier à ajouter un tag!
Thư viện lưu trữ: Trung tâm Học liệu Trường Đại học Cần Thơ
LEADER 01179nam a2200169Ia 4500
001 CTU_18519
008 210402s9999 xx 000 0 und d
082 |a 355.8 
082 |b W721 
245 4 |a The American atom: A documentary history of nuclear policies from the discovery of fission to the President 1939-1984 
260 |a Pennsylvania, Philadelphia 
260 |b Univ. of Pennsylvania 
260 |c 1984 
520 |a The book presents the first comprehensive collection of primary documents which tell the story of atomic energy in the United States from discovery of fission through the development of nuclear weapons, international proliferation, and attempts at control. This book also examines carefully the Mahattan Project, the Oppenheimer Case, the hydrogen, bomb, nuclear testing and the test ban, proliferation, arms control, and the startegy of deterrence 
650 |a atomic energy - history - sources,atomic weapons and disarmament - history - sources,deterrence ( strategy ) - history - 20th century - sources,united states - military policy - addresses, essays, lectures 
904 |i Minh, 970917 
980 |a Trung tâm Học liệu Trường Đại học Cần Thơ